00780 2200301 4500001002100000005001500021035002000036007000300056040001700059100002800076245006700104250001200171300003000183020001800213041000800231082000800239084001400247090001900261264003000280336002100310337003000331338002300361650001100384850001000395008004100405990001600446990001600462INLIS00000000000860020260518030901 a0010-0922001089ta aSBPUPADbind0 aAryo PrayogiePengarang1 aMendapatkan Nilai Terbaik Fisika :bKelas Satu /cAryo Prayogi a.-cet.1 a110 hlm :bilus. ;c23 cm a602-7993-09-X07aind a530 a530 ARY m a530 ARY m 16-3 a.--Jakarta :bKTSP,c2013 2rdacontentateks 2rdamediaatanpa perantara 2rdacarrieravolume 4aFisika aPUPAD260518 0  a1213/B/2013 a1212/B/2013